000 00297nam a22001337a 4500
003 SGT
020 _a978-93-92787-201
082 _a621.38
_bKUM
100 _aKUMAR, NARESH
245 _aDESIGN PATCH ANTENNA FOR BLUETOOTH
260 _aINDIA
_bS.S. PUB.
_c2022
300 _a74
942 _2ddc
_cBK
999 _c24563
_d24563